| 000 | 00541nam a2200217Ia 4500 | ||
|---|---|---|---|
| 008 | 101110s9999 xx 000 0 und d | ||
| 041 | _aENGLISH | ||
| 082 | _bSR29202 | ||
| 100 | _aAmmmer Dean S. | ||
| 245 | _aMaterials mangrment and Purchasing | ||
| 260 |
_c1980 _bRichard D.Irwin. |
||
| 300 | _a686 | ||
| 365 | _b295 | ||
| 520 | _aCommerce | ||
| 546 | _aENGLISH | ||
| 630 | _aMaterials mangrment and Purchasing | ||
| 650 | _aCommerce | ||
| 655 | _aCommerce | ||
| 730 | _aMaterials mangrment and Purchasing | ||
| 942 | _cBOOK | ||
| 999 |
_c821716 _d821713 |
||